Records du monde de natation en bassin de 50m - Statistiques

Statistiques générales
  • Ce quiz a été pris 12 fois
  • Le résultat moyen est 17 sur 42
Statistiques - réponses
Nage Distance Nationalité Temps Année Réponse % Correct
4 nages 200m France 1.52.69 2025 Léon Marchand
100%
400m France 4.02.50 2023 Léon Marchand
100%
Masculin Nage libre 50m Australie 20.88 2026 Cameron McEvoy
67%
800m États-Unis 8.04.12 2025 Katie Ledecky
67%
1500m États-Unis 15.20.48 2018 Katie Ledecky
67%
Relais nage libre 4 x 100m 3.27.96 2023 Australie
56%
4 x 200m 7.37.50 2023 Australie
56%
100m États-Unis 49.45 2021 Caeleb Dressel
56%
Relais nage libre 4 x 100m 3.08.24 2008 États-Unis
56%
4 x 200m 6.58.55 2009 États-Unis
56%
Relais 4 nages 4 x 100m 3.26.78 2021 États-Unis
56%
Relais 4 nages 4 x 100m 3.49.34 2025 États-Unis
56%
Mixte Relais nage libre 4 x 100m 3.18.48 2025 États-Unis
56%
Relais 4 nages 4 x 100m 3.37.43 2024 États-Unis
56%
400m Canada 3.54.18 2025 Summer McIntosh
56%
4 nages 200m Canada 2.05.70 2025 Summer McIntosh
56%
400m Canada 4.23.65 2025 Summer McIntosh
56%
Brasse 50m Royaume-Uni 25.95 2017 Adam Peaty
44%
100m Royaume-Uni 56.88 2019 Adam Peaty
44%
200m Hongrie 1.50.34 2022 Kristóf Milák
44%
100m Chine 46.40 2024 Pan Zhanle
44%
1500m États-Unis 14.30.67 2024 Robert Finke
44%
100m Italie 51.60 2022 Thomas Ceccon
44%
100m États-Unis 54.33 2026 Gretchen Walsh
33%
Dos 50m Russie 23.55 2023 Kliment Kolesnikov
33%
100m États-Unis 1.04.13 2017 Lilly King
33%
200m Allemagne 1.42.00 2009 Paul Biedermann
33%
100m États-Unis 57.13 2024 Regan Smith
33%
Féminin Nage libre 50m Suède 23.61 2023 Sarah Sjöström
33%
100m Suède 51.71 2017 Sarah Sjöström
33%
Papillon 50m Suède 24.43 2014 Sarah Sjöström
33%
Dos 50m Australie 26.86 2023 Kaylee McKeown
22%
200m Australie 2.03.14 2023 Kaylee McKeown
22%
800m Chine 7.32.12 2009 Lin Zhang
22%
200m Chine 2.05.48 2023 Qin Haiyang
22%
200m États-Unis 1.51.92 2009 Aaron Peirsol
11%
Papillon 50m Ukraine 22.27 2018 Andriy Govorov
11%
200m Australie 1.52.23 2024 Ariarne Titmus
11%
400m Allemagne 3.39.96 2025 Lukas Märtens
11%
200m Russie 2.17.55 2023 Evgeniia Chikunova
0%
200m Chine 2.01.81 2009 Liu Zige
0%
Brasse 50m Lituanie 29.16 2023 Rūta Meilutytė
0%
Aucun quiz correspondant
Distribution des résultats
% des personnes avec chaque résultat
Percentile par nombre de réponses
Votre historique - résultats
Vous n’avez pas pris ce quiz